Statystyki dla Charakter chemiczny wybranych tlenków

Kliknij tutaj aby rozwiązać quiz!

Ogólne statystyki

  • Ten quiz został rozwiązany 54 razy
  • Średni wynik to 48 z 55

Statystyki odpowiedzi

TlenekCharakter% Poprawnych
BeOamfoteryczny
100%
Li₂Ozasadowy
100%
Na₂Ozasadowy
100%
MgOzasadowy
100%
K₂Ozasadowy
100%
CaOzasadowy
100%
Rb₂Ozasadowy
100%
SrOzasadowy
100%
Cs₂Ozasadowy
100%
BaOzasadowy
100%
Cr₂O₃amfoteryczny
97%
CrO₃kwasowy
97%
Crozasadowy
94%
Fe₂O₃amfoteryczny
91%
FeOamfoteryczny
91%
Mn₂O₇kwasowy
91%
N₂O₅kwasowy
91%
N₂O₃kwasowy
91%
COobojętny
91%
MnO₂amfoteryczny
88%
CoOamfoteryczny
88%
ZnOamfoteryczny
88%
CuOamfoteryczny
88%
NO₂kwasowy
88%
CO₂kwasowy
88%
P₄O₁₀kwasowy
88%
P₄O₆kwasowy
88%
Ni₂O₃zasadowy
88%
Co₂O₃zasadowy
88%
MnOzasadowy
88%
Mn₂O₃zasadowy
88%
Au₂O₃amfoteryczny
85%
Cu₂Oamfoteryczny
85%
HgOamfoteryczny
85%
SO₂kwasowy
85%
SiO₂kwasowy
85%
SO₃kwasowy
85%
NOobojętny
85%
Ag₂Ozasadowy
85%
NiOzasadowy
85%
GeO₂amfoteryczny
82%
Cl₂Okwasowy
82%
Cl₂O₅kwasowy
82%
B₂O₃kwasowy
82%
Cl₂O₇kwasowy
82%
SiOobojętny
82%
N₂Oobojętny
82%
GeOobojętny
82%
Al₂O₃amfoteryczny
79%
SeO₃kwasowy
76%
SeO₂kwasowy
74%
PbO₂amfoteryczny
71%
PbOamfoteryczny
71%
BrO₂kwasowy
71%
Br₂Okwasowy
71%

Rozkład punktacji

Percentyl według liczby udzielonych odpowiedzi

Procent ludzi z każdym wynikiem

Twoja historia wyników

Nie rozwiązałeś tego quizu